000 00917nam a22003017a 4500
001 8181
003 FISKH
005 20250901134556.0
008 250901b cb ||||| |||| 00| 0 eng d
020 _a9780805075359
040 _aFISKH
_beng
_cFISKH
_dFISKH
050 _aPZ8.W727 D
082 _a303
100 _aWinthrop, Elizabeth
_d(1948-)
245 _aDumpy La Rue /
_cElizabeth Winthrop ; Illustrated by Betsy Lewin
250 _aThis edition first published in 2004
260 _aNew York :
_bHenry,
_c2001
300 _a34 unnumbered pages :
_bcolor illustrations ;
_c26 cm
505 _aG
520 _aA rhyming story about a pig whose passion for dancing becomes contagious.
521 8 _a380
_bLexile
521 8 _aG
_bRaz-Plus
650 _2Picture book
_aPigs
650 _2Dance
_aTeacher's Lounge
700 _aLewin, Betsy
_dillustrator
942 _2ddc
_cBK
_n0
999 _c8181
_d8181